000 00467nam a2200181Ia 4500
001 23727
005 20260414150956.0
008 260414t2014||||xx |||||||||||||| ||spa||
041 _aESP
082 _a698
_bP45
100 _aPérez Alamá, Vicente
_eAUT
245 0 _aMateriales y procedimientos de construcción :
_bacabados y complementos
260 _c2014
300 _a122 páginas :
_c27 cm.
650 _a0
654 _aCIC
942 _cLIB
_dJUS
_fJUS
_2ddc
_n
999 _c23727
_d23727